000 00476nam a2200181Ia 4500
003 LK-CoDNM
008 010623t2000 xxu||||| |||| 00| 1 sin d
040 _aLK-CoDNM
_dLK-CoDNM
_eLK-CoDNM
041 _asin
080 _a37
_bSOM
100 _aSomapala, Edmand
245 _aඅධ්‍යාපන චාරිකා මඟ
246 _aAddyapana charika maga
260 _bAuthor
_aBalangoda
_c2000
300 _b(xxi)133, 22 cm
650 _aEducation
942 _cBK
999 _c120188
_d120188